000 00794nam a2200265Ia 4500
003 OSt
005 20221005050032.0
006 a|||||r|||| 00| 0
007 ta
008 221004b |||||||| |||| 00| 0 ben d
020 _a8170791146
_c60
024 _a5486
037 _b796, 20/03/2013, Bright Book Service
_cTextual
040 _aCRL
_cCRL
_bben
041 _2ben
_aben
082 _aw2,N, 157Q0
100 _aGangopadhyay Sunil
245 0 _aBarania manush
_b Smaraniya bichar
260 _aKolkata
_bSudhangshu Sekhar Dey Dey's Publishing India
_c2010
300 _a128p.
_ccm.
650 _a BENGALI LITERATURE
650 _aBIOGRAPHY
942 _hw2,N, 157Q0
_cTEXL
_2cc
999 _c956164
_d956164